01272cam a22003251a 4500001001300000003000400013005001700017008004100034010001700075035001900092040002800111050002300139051001400162070002200176072000900198100003900207245015900246260004600405300007400451440003900525500019500564504003000759500002000789650002100809650002300830650003700853700002100890700001800911999001700929gs 59000239 DLC20260227111408.0780406s1959 dcuab b f001 0 eng  ags 59000239  a(OCoLC)3785730 aDLCcNBrockUdDNALdDLC00aQE75b.B9 no. 1094 aQE83b.M50 a407bG29B no.10940 aX4001 aMiller, Don J.q(Don John),d1919-10aGeology of possible petroleum provinces in Alaska /cby Don J. Miller, Thomas G. Payne, and George Gryc, with an annotated bibliography by Edward H. Cobb. aWashington, [D.C.] :bU.S. G.P.O.,c1959. av, 132 p. :bill., maps (some col.) ;c24 +e6 folded leaves in case. 0aGeological Survey bulletin ;v1094 aA summary of possible sources of petroleum and oil shale in Alaska, with an annotated bibliography on petroleum and oil shale in Alaska and a map of Mesozoic and Cenozoic tectonic elements. aBibliography: p. 113-127. aIncludes index. 0aGeologyzAlaska. 0aPetroleumzAlaska. 0aPetroleumzAlaskaxBibliography.1 aPayne, Thomas G.1 aGryc, George. c29376d29376